[Event "Uljanovsk op"]
[Site "Uljanovsk"]
[Date "2010.01.04"]
[Round "2"]
[White "Gruzdev, Artem"]
[Black "Lukianov, Alexander"]
[Result "0-1"]
[WhiteElo "1711"]
[BlackElo "1884"]
[PlyCount "70"]
[EventDate "2010.01.04"]
[EventType "swiss"]
[EventRounds "9"]
[EventCountry "RUS"]
[SourceTitle "CBM 134 Extra"]
[Source "ChessBase"]
[SourceDate "2010.03.03"]
[SourceVersion "1"]
[SourceVersionDate "2010.03.03"]
[SourceQuality "1"]

1. Nf3 Nf6 2. g3 e6 3. Bg2 d5 4. 0-0 c5 5. d3 Nc6 6. Nbd2 Be7 7. e4 dxe4 8. dxe4 e5 9. Qe2 0-0 10. c3 Qc7 11. Nh4 Re8 12. Nf5 Bf8 13. Rd1 Nd8 14. Nc4 Ne6 15. Be3 a6 16. Rd2 b5 17. Ncd6 Rd8 18. Rad1 c4 19. f4 Nd7 20. Qf2 Nec5 21. Bf1 g6 22. Nh4 Bxd6 23. Rxd6 Nxe4 24. Qg2 Bb7 25. fxe5 Nxc3 26. Bb6 Nxb6 27. Rxd8+ Rxd8 28. Rxd8+ Qxd8 29. Qxb7 Qd4+ 30. Kg2 Ne4 31. Kh3 Ng5+ 32. Kg2 Nd5 33. Kh1 Qd1 34. Qc8+ Kg7 35. Kg1 Ne3 0-1

[Event "Dimitrovgrad Teenagers op"]
[Site "Dimitrovgrad"]
[Date "2009.08.23"]
[Round "8"]
[White "Yakovenko, Nikita"]
[Black "Gruzdev, Artem"]
[Result "0-1"]
[WhiteElo "1531"]
[BlackElo "1688"]
[PlyCount "60"]
[EventDate "2009.08.19"]
[EventType "swiss"]
[EventRounds "9"]
[EventCountry "RUS"]
[SourceTitle "EXT 2017"]
[Source "ChessBase"]
[SourceDate "2016.10.25"]
[SourceVersion "1"]
[SourceVersionDate "2016.10.25"]
[SourceQuality "1"]

1. e4 d6 2. d4 g6 3. g3 Bg7 4. Bg2 Nf6 5. Nc3 0-0 6. Nf3 Nbd7 7. 0-0 e5 8. dxe5 dxe5 9. Be3 c6 10. Qe2 Qc7 11. Rfd1 Ng4 12. Nh4 Nxe3 13. Qxe3 Nb6 14. b3 Be6 15. Rd2 Rad8 16. Rxd8 Rxd8 17. a4 h5 18. Qe2 Bh6 19. Rd1 Rxd1+ 20. Qxd1 Qd7 21. Qxd7 Nxd7 22. b4 Bd2 23. Ne2 Bxb4 24. f4 exf4 25. Nxf4 Bc4 26. Nf3 Nc5 27. e5 Nxa4 28. Bh3 Nc5 29. Nd4 Bc3 30. e6 Bxd4+ 0-1

[Event "Uljanovsk Petrosian Memorial op"]
[Site "Uljanovsk"]
[Date "2009.06.27"]
[Round "6"]
[White "Agapchev, Andrey"]
[Black "Gruzdev, Artem"]
[Result "1-0"]
[WhiteElo "1686"]
[BlackElo "1680"]
[PlyCount "68"]
[EventDate "2009.06.20"]
[EventType "swiss"]
[EventRounds "9"]
[EventCountry "RUS"]
[SourceTitle "EXT 2012"]
[Source "ChessBase"]
[SourceDate "2011.11.24"]
[SourceVersion "1"]
[SourceVersionDate "2011.11.24"]
[SourceQuality "1"]

1. d4 Nf6 2. Nf3 g6 3. Bg5 Bg7 4. e3 0-0 5. Bd3 h6 6. Bf4 d6 7. 0-0 Nbd7 8. Nbd2 Re8 9. e4 e5 10. dxe5 dxe5 11. Be3 Ng4 12. Nc4 Nxe3 13. Nxe3 Nc5 14. b4 Nxd3 15. Qxd3 Qxd3 16. cxd3 c6 17. Nc4 Bg4 18. h3 Bxf3 19. gxf3 Red8 20. Rfd1 Rd7 21. Rd2 Rad8 22. Rad1 Rd4 23. a3 b5 24. Na5 R4d6 25. Nb7 R8d7 26. Nxd6 Rxd6 27. Kf1 Kf8 28. Ke2 h5 29. Ke1 Ke7 30. a4 a6 31. axb5 axb5 32. Ra1 Bf8 33. Ra7+ Rd7 34. Ra6 Rd4 1-0

[Event "Uljanovsk Petrosian Memorial op"]
[Site "Uljanovsk"]
[Date "2009.06.20"]
[Round "1"]
[White "Gruzdev, Artem"]
[Black "Zhdanov, Eduard"]
[Result "0-1"]
[WhiteElo "1680"]
[BlackElo "1975"]
[PlyCount "82"]
[EventDate "2009.06.20"]
[EventType "swiss"]
[EventRounds "9"]
[EventCountry "RUS"]
[SourceTitle "EXT 2012"]
[Source "ChessBase"]
[SourceDate "2011.11.24"]
[SourceVersion "1"]
[SourceVersionDate "2011.11.24"]
[SourceQuality "1"]

1. Nf3 d5 2. g3 Nf6 3. Bg2 g6 4. 0-0 Bg7 5. d3 0-0 6. Nbd2 c6 7. e4 Qc7 8. c3 e5 9. Re1 Re8 10. Qc2 b6 11. Nf1 Bb7 12. exd5 cxd5 13. d4 exd4 14. Bf4 Qc8 15. Nxd4 Na6 16. Nb5 Rxe1 17. Rxe1 Qd7 18. Nd4 Nc5 19. f3 Rc8 20. Qd2 Ba6 21. Bh6 Re8 22. Rxe8+ Qxe8 23. Bxg7 Kxg7 24. Qe3 Qd7 25. Nd2 Bc8 26. Bf1 a6 27. N4b3 Na4 28. Nc1 Qc7 29. Nd3 b5 30. Nb1 Bf5 31. Qd2 Qe7 32. g4 Bc8 33. b3 Nb6 34. Qe2 Qd8 35. Qe5 Nbd7 36. Qd4 h6 37. Nb4 Bb7 38. Na3 Qe7 39. Nbc2 Ne5 40. Qe3 Qc7 41. Nd4 Bc8 0-1

[Event "Uljanovsk-ch"]
[Site "Uljanovsk"]
[Date "2009.03.28"]
[Round "9"]
[White "Gruzdev, Artem"]
[Black "Seyfutdinov, Rustam"]
[Result "0-1"]
[WhiteElo "1680"]
[BlackElo "1582"]
[PlyCount "70"]
[EventDate "2009.03.14"]
[EventType "swiss"]
[EventRounds "9"]
[EventCountry "RUS"]
[SourceTitle "EXT 2010"]
[Source "ChessBase"]
[SourceDate "2010.11.25"]
[SourceVersion "1"]
[SourceVersionDate "2010.11.25"]
[SourceQuality "1"]

1. Nf3 d5 2. g3 c5 3. Bg2 Nf6 4. 0-0 Bg4 5. d3 e6 6. Nbd2 Nbd7 7. e4 Be7 8. h3 Bh5 9. b3 0-0 10. Bb2 Rc8 11. g4 Bg6 12. Nh4 Qb6 13. Nxg6 hxg6 14. Qe2 Rfe8 15. Rad1 a6 16. Qf3 Nb8 17. Bxf6 Bxf6 18. exd5 exd5 19. Qxd5 Rc6 20. Qc4 Rc7 21. Ne4 Nd7 22. Rfe1 Ne5 23. Qa4 Rd8 24. f4 Nd7 25. Kh1 Rcc8 26. Qc4 Qc7 27. Nxf6+ Nxf6 28. Qc3 Nd5 29. Bxd5 Rxd5 30. Re4 Qc6 31. Kh2 Qc7 32. Kg2 Qc6 33. Kf2 Rcd8 34. Rde1 Rd4 35. Qd2 Rxe4 0-1

[Event "Uljanovsk-ch"]
[Site "Uljanovsk"]
[Date "2009.03.19"]
[Round "6"]
[White "Kashicina, Elena"]
[Black "Gruzdev, Artem"]
[Result "0-1"]
[WhiteElo "1741"]
[BlackElo "1680"]
[PlyCount "96"]
[EventDate "2009.03.14"]
[EventType "swiss"]
[EventRounds "9"]
[EventCountry "RUS"]
[SourceTitle "EXT 2010"]
[Source "ChessBase"]
[SourceDate "2010.11.25"]
[SourceVersion "1"]
[SourceVersionDate "2010.11.25"]
[SourceQuality "1"]

1. d4 Nf6 2. Bg5 d6 3. Bxf6 exf6 4. e3 g6 5. Bd3 Bg7 6. Nd2 f5 7. c3 0-0 8. Qf3 c6 9. h4 Re8 10. h5 Qf6 11. hxg6 fxg6 12. Nh3 g5 13. Qh5 Re7 14. Qxg5 Qxg5 15. Nxg5 h6 16. Nh3 Na6 17. Bxa6 bxa6 18. Nc4 Be6 19. Na5 Rc7 20. Nf4 Bf7 21. Kd2 Rb8 22. b3 Rb5 23. b4 c5 24. a3 Rb8 25. Nh5 Rbc8 26. Nxg7 Kxg7 27. bxc5 dxc5 28. c4 cxd4 29. exd4 Bxc4 30. Nxc4 Rxc4 31. Rac1 Rxd4+ 32. Ke3 Re4+ 33. Kf3 Rcc4 34. Rxc4 Rxc4 35. Re1 Kf6 36. Re3 Kg5 37. g3 Re4 38. Rd3 h5 39. Re3 h4 40. gxh4+ Rxh4 41. Re7 Rh3+ 42. Kg2 Rxa3 43. Rxa7 Kf4 44. Rc7 a5 45. Rc4+ Kg5 46. f3 f4 47. Rc5+ Kh4 48. Rc2 a4 0-1

[Event "Uljanovsk-ch"]
[Site "Uljanovsk"]
[Date "2009.03.15"]
[Round "2"]
[White "Gruzdev, Artem"]
[Black "Tsai, Roman"]
[Result "0-1"]
[WhiteElo "1680"]
[BlackElo "2090"]
[PlyCount "92"]
[EventDate "2009.03.14"]
[EventType "swiss"]
[EventRounds "9"]
[EventCountry "RUS"]
[SourceTitle "EXT 2010"]
[Source "ChessBase"]
[SourceDate "2010.11.25"]
[SourceVersion "1"]
[SourceVersionDate "2010.11.25"]
[SourceQuality "1"]

1. Nf3 d5 2. g3 Nc6 3. Bg2 e5 4. d3 Bd6 5. 0-0 h6 6. e4 dxe4 7. dxe4 Nf6 8. Nc3 0-0 9. Re1 Be6 10. Nd5 Bc5 11. Nxf6+ Qxf6 12. Be3 Rad8 13. Qe2 Nd4 14. Nxd4 Bxd4 15. Bxd4 Rxd4 16. c3 Rd6 17. b3 Rfd8 18. Rad1 Qe7 19. Bf3 c6 20. Kg2 Qc7 21. Rxd6 Rxd6 22. Rd1 Rxd1 23. Qxd1 Qa5 24. Qd2 b5 25. Bd1 c5 26. a4 bxa4 27. bxa4 Qb6 28. Qc2 Qb7 29. f3 a5 30. Kf2 c4 31. Qd2 Qb6+ 32. Kf1 Kh7 33. Qf2 Bh3+ 34. Ke1 Qd6 35. Qd2 Qc5 36. Qf2 Qc7 37. g4 Qd6 38. Qe2 Qc5 39. Qf2 Qd6 40. Qg3 Bf1 41. Qf2 Bd3 42. Qa7 Qf6 43. Qxa5 Qh4+ 44. Kd2 Qxh2+ 45. Kc1 Qf4+ 46. Kb2 Qd2+ 0-1

[Event "Dimitrovgrad Teenagers op"]
[Site "Dimitrovgrad"]
[Date "2008.08.22"]
[Round "5"]
[White "Gruzdev, Artem"]
[Black "Alachihin, Vladimir"]
[Result "0-1"]
[WhiteElo "1669"]
[BlackElo "2134"]
[PlyCount "94"]
[EventDate "2008.08.20"]
[EventType "swiss"]
[EventRounds "8"]
[EventCountry "RUS"]
[SourceTitle "EXT 2022"]
[Source "ChessBase"]
[SourceDate "2021.10.06"]
[SourceVersion "1"]
[SourceVersionDate "2021.10.06"]
[SourceQuality "1"]

1. Nf3 d5 2. g3 c5 3. Bg2 Nc6 4. 0-0 e5 5. d3 f6 6. e4 Nge7 7. Nc3 Be6 8. Ne1 Qd7 9. f4 0-0-0 10. f5 Bf7 11. Nf3 Kb8 12. a3 d4 13. Ne2 c4 14. Nd2 cxd3 15. cxd3 Nc8 16. b4 b5 17. Bb2 Nb6 18. Rc1 Na4 19. Ba1 Rc8 20. Rc2 Be7 21. Qb1 Kb7 22. Rfc1 h5 23. Nb3 Bd8 24. Nc5+ Nxc5 25. Rxc5 Bb6 26. R5c2 h4 27. g4 g6 28. fxg6 Be6 29. h3 Rhg8 30. Bf3 Rxg6 31. Kh1 a6 32. Rg1 Bd8 33. Nc1 Qf7 34. Ne2 Rg8 35. Qe1 Rh8 36. Bb2 Bb3 37. Rc1 Be7 38. Qd2 Bf8 39. Qe1 Rd8 40. Qf2 Bh6 41. Rxc6 Kxc6 42. Bc1 Bxc1 43. Rxc1+ Kb7 44. Qe1 Qd7 45. Ng1 Rc8 46. Bg2 Rxc1 47. Qxc1 Qc6 0-1

[Event "Dimitrovgrad Teenagers op"]
[Site "Dimitrovgrad"]
[Date "2008.08.22"]
[Round "6"]
[White "Gruzdev, Artem"]
[Black "Bondarenko, Anton"]
[Result "1-0"]
[WhiteElo "1669"]
[BlackElo "1569"]
[PlyCount "79"]
[EventDate "2008.08.20"]
[EventType "swiss"]
[EventRounds "8"]
[EventCountry "RUS"]
[SourceTitle "EXT 2022"]
[Source "ChessBase"]
[SourceDate "2021.10.06"]
[SourceVersion "1"]
[SourceVersionDate "2021.10.06"]
[SourceQuality "1"]

1. Nf3 Nf6 2. g3 b6 3. Bg2 Bb7 4. 0-0 e6 5. d3 d5 6. Nbd2 c5 7. Re1 Nbd7 8. e4 dxe4 9. dxe4 e5 10. c3 Qc7 11. Qc2 Be7 12. a4 c4 13. Bf1 Ba6 14. Nh4 g6 15. Ng2 Bc5 16. Ne3 Bxe3 17. Rxe3 0-0 18. Re1 Rfd8 19. Nf3 Nc5 20. Bg5 Qe7 21. Rad1 Qe6 22. Nd2 Nd3 23. Bxd3 cxd3 24. Qb1 Rd6 25. Bxf6 Qxf6 26. c4 Rad8 27. Re3 Qe6 28. b3 Bb7 29. Qb2 Rd4 30. f3 f5 31. exf5 Qxf5 32. Rde1 Re8 33. Qxd4 exd4 34. Rxe8+ Kg7 35. R8e7+ Kh6 36. Rxb7 Qa5 37. Rd1 Qe5 38. Ne4 Qa5 39. g4 Qb4 40. g5+ 1-0

[Event "Dimitrovgrad Teenagers op"]
[Site "Dimitrovgrad"]
[Date "2008.08.21"]
[Round "3"]
[White "Gruzdev, Artem"]
[Black "Koblik, Ekaterina"]
[Result "0-1"]
[WhiteElo "1669"]
[BlackElo "1669"]
[PlyCount "48"]
[EventDate "2008.08.20"]
[EventType "swiss"]
[EventRounds "8"]
[EventCountry "RUS"]
[SourceTitle "EXT 2022"]
[Source "ChessBase"]
[SourceDate "2021.10.06"]
[SourceVersion "1"]
[SourceVersionDate "2021.10.06"]
[SourceQuality "1"]

1. e4 d6 2. Nf3 g6 3. Bc4 Bg7 4. Nc3 Nf6 5. d3 Nbd7 6. Ng5 0-0 7. Be3 h6 8. Nf3 e5 9. Nh4 Nxe4 10. Nxg6 Nxc3 11. bxc3 Re8 12. Qf3 Qf6 13. Qg3 Kh7 14. Nh4 Nb6 15. Bxb6 axb6 16. 0-0 Be6 17. Bxe6 Qxe6 18. Rae1 Rg8 19. d4 Bf6 20. Qd3+ Kh8 21. Nf3 Rxa2 22. Re2 Ra5 23. Rfe1 Qg4 24. dxe5 Qxg2# 0-1